000 00495cam a22001337a 4500
008 180718b1993 xxu||||| |||| 00| 0 eng d
082 _aR2203x54 In2
245 _aMinimum Wages Act, 1948: together with states amendments and minimum wages, central rules, 1950
260 _aLucknow
_bEastern
_c1993
300 _a76p.
500 _aIncludes labour laws (exemption from furnishing returns and maintaining registers
650 _aIndia - Laws, Statutes etc
650 _aWages - Legislation - India
999 _c339677
_d339677